000 00906nam a22001937a 4500
003 OSt
005 20260317075216.0
008 260317b |||||||| |||| 00| 0 eng d
020 _a 978-0-545-25307-9
040 _aDWCL GS lib
_cOC
100 _aSTILTON, GERONIMO
245 _aThe Quest for Paradise: The Return to the Kingdom of Fantasy
_cSTILTON, GERONIMO
260 _aNew York
_bScholastic Inc
_c2010.
300 _avii, 297 pages
_c19cm.
520 _aThe Quest for Paradise: The Return to the Kingdom of Fantasy (Book 2 in the series) follows Geronimo Stilton, who is summoned by Queen Blossom to find the "Heart of Happiness".
650 _2fiction adventure
650 _2The moral lesson of The Quest for Paradise: The Return to the Kingdom of Fantasy is that true happiness and "paradise" are found within oneself, rather than through external riches or treasures.
942 _2ddc
_cFIC.
_n0
999 _c9240
_d9240